000
00167nam a22000857a 4500
003
SGT
245
_a
WHO DRUG INFORMATION
260
_b
WHO
_c
2015 TO 2017
942
_2
ddc
_c
BV
999
_c
24396
_d
24396